Vzťah medzi štátnym ratingom, verejným dlhom a výnosmi štátnych dlhopisov v krajinách Vyšehradskej skupiny (V4)
Vzťah medzi štátnym ratingom, úrovňou verejného dlhu a výnosmi štátnych dlhopisov krajín V4 v období rokov 2020 – 2025. Poukazovanie na to, že rating krajiny má priamy vplyv na rizikovú prirážku a tým aj na náklady financovania verejného dlhu. Preukázanie, že úverový rating nie je iba formálnym ukaz...
Uložené v:
| Hlavný autor: | |
|---|---|
| Médium: | Kapitola |
| Jazyk: | Slovak |
| Predmet: | |
| Tagy: |
Žiadne tagy, Buďte prvý, kto otaguje tento záznam!
|
MARC
| LEADER | 00000naa$a2200000$$$4500 | ||
|---|---|---|---|
| 001 | 0313580 | ||
| 005 | 20251215094421.0 | ||
| 041 | 0 | |a slo | |
| 044 | |a SK | ||
| 245 | 1 | 0 | |a Vzťah medzi štátnym ratingom, verejným dlhom a výnosmi štátnych dlhopisov v krajinách Vyšehradskej skupiny (V4) |c Alžbeta Džujková |
| 520 | |a Vzťah medzi štátnym ratingom, úrovňou verejného dlhu a výnosmi štátnych dlhopisov krajín V4 v období rokov 2020 – 2025. Poukazovanie na to, že rating krajiny má priamy vplyv na rizikovú prirážku a tým aj na náklady financovania verejného dlhu. Preukázanie, že úverový rating nie je iba formálnym ukazovateľom dôveryhodnosti, ale faktorom, určujúcim ekonomickú stabilitu, fiškálnu politiku a dlhodobé náklady verejného sektora. | ||
| 610 | 2 | 0 | |a agentúry |
| 610 | 2 | 0 | |a rating |
| 610 | 2 | 0 | |a dlhy verejné |
| 610 | 2 | 0 | |a výnosy |
| 610 | 2 | 0 | |a dlhopisy štátne |
| 610 | 2 | 0 | |a Vyšehradská štvorka |
| 610 | 2 | 0 | |a stabilita finančná |
| 100 | 1 | |a Džujková, Alžbeta, 1999- | |